<?xml version="1.0" encoding="UTF-8"?>
<record
    xmlns:xsi="http://www.w3.org/2001/XMLSchema-instance"
    xsi:schemaLocation="http://www.loc.gov/MARC21/slim http://www.loc.gov/standards/marcxml/schema/MARC21slim.xsd"
    xmlns="http://www.loc.gov/MARC21/slim">

  <leader>01197nam2a22002411  4500</leader>
  <controlfield tag="001">rc\4933502</controlfield>
  <controlfield tag="005">20250612205851.0</controlfield>
  <datafield tag="035" ind1=" " ind2=" ">
    <subfield code="a">(NLR Aleph) 008847535</subfield>
  </datafield>
  <datafield tag="090" ind1=" " ind2=" ">
    <subfield code="a">8380255</subfield>
    <subfield code="c">8380255</subfield>
  </datafield>
  <datafield tag="100" ind1=" " ind2=" ">
    <subfield code="a">20130426d1967    |||y0rusy50      ca</subfield>
  </datafield>
  <datafield tag="101" ind1="0" ind2=" ">
    <subfield code="a">rus</subfield>
  </datafield>
  <datafield tag="102" ind1=" " ind2=" ">
    <subfield code="a">RU</subfield>
  </datafield>
  <datafield tag="105" ind1=" " ind2=" ">
    <subfield code="a">a   z   |||||</subfield>
  </datafield>
  <datafield tag="200" ind1="1" ind2=" ">
    <subfield code="a">&#x41A;&#x43E;&#x43D;&#x438;&#x447;&#x435;&#x441;&#x43A;&#x438;&#x435; &#x438; &#x433;&#x438;&#x43F;&#x43E;&#x438;&#x434;&#x43D;&#x44B;&#x435; &#x437;&#x443;&#x431;&#x447;&#x430;&#x442;&#x44B;&#x435; &#x43A;&#x43E;&#x43B;&#x435;&#x441;&#x430;</subfield>
    <subfield code="f">&#x41A;&#x430;&#x444;&#x435;&#x434;&#x440;&#x430; &#x2116; 26</subfield>
  </datafield>
  <datafield tag="210" ind1=" " ind2=" ">
    <subfield code="d">1967</subfield>
    <subfield code="a">&#x411;. &#x43C;.</subfield>
  </datafield>
  <datafield tag="215" ind1=" " ind2=" ">
    <subfield code="a">40 &#x441;., 2 &#x43B;. &#x438;&#x43B;.</subfield>
    <subfield code="c">&#x438;&#x43B;.</subfield>
  </datafield>
  <datafield tag="333" ind1=" " ind2=" ">
    <subfield code="a">&#x41D;&#x430; &#x43F;&#x440;&#x430;&#x432;&#x430;&#x445; &#x440;&#x443;&#x43A;&#x43E;&#x43F;&#x438;&#x441;&#x438;</subfield>
  </datafield>
  <datafield tag="461" ind1=" " ind2="0">
    <subfield code="1">001rc\4933499</subfield>
    <subfield code="1">2001#$a&#x414;&#x435;&#x442;&#x430;&#x43B;&#x438; &#x43C;&#x430;&#x448;&#x438;&#x43D;$e&#x41F;&#x440;&#x43E;&#x435;&#x43A;&#x442; &#x443;&#x447;&#x435;&#x431;&#x43D;&#x438;&#x43A;&#x430;$e&#x412;&#x44B;&#x43F;. 1-$f&#x412;&#x43E;&#x435;&#x43D;. &#x43E;&#x440;&#x434;&#x435;&#x43D;&#x430; &#x41B;&#x435;&#x43D;&#x438;&#x43D;&#x430; &#x43A;&#x440;&#x430;&#x441;&#x43D;&#x43E;&#x437;&#x43D;&#x430;&#x43C;. &#x430;&#x43A;&#x430;&#x434;. &#x431;&#x440;&#x43E;&#x43D;&#x435;&#x442;&#x430;&#x43D;&#x43A;&#x43E;&#x432;&#x44B;&#x445; &#x432;&#x43E;&#x439;&#x441;&#x43A;$v&#x412;&#x44B;&#x43F;. 12</subfield>
    <subfield code="1">700#1$a&#x420;&#x43E;&#x442;&#x435;&#x43D;&#x431;&#x435;&#x440;&#x433;$b&#x420;.&#x412;.$g&#x420;&#x43E;&#x431;&#x435;&#x440;&#x442; &#x412;&#x43B;&#x430;&#x434;&#x438;&#x43C;&#x438;&#x440;&#x43E;&#x432;&#x438;&#x447;</subfield>
    <subfield code="9">8380240</subfield>
    <subfield code="a">&#x420;&#x43E;&#x442;&#x435;&#x43D;&#x431;&#x435;&#x440;&#x433;, &#x420;.&#x412;.</subfield>
    <subfield code="c">&#x41C;&#x43E;&#x441;&#x43A;&#x432;&#x430;</subfield>
    <subfield code="d">1966</subfield>
    <subfield code="f">&#x412;&#x43E;&#x435;&#x43D;. &#x43E;&#x440;&#x434;&#x435;&#x43D;&#x430; &#x41B;&#x435;&#x43D;&#x438;&#x43D;&#x430; &#x43A;&#x440;&#x430;&#x441;&#x43D;&#x43E;&#x437;&#x43D;&#x430;&#x43C;. &#x430;&#x43A;&#x430;&#x434;. &#x431;&#x440;&#x43E;&#x43D;&#x435;&#x442;&#x430;&#x43D;&#x43A;&#x43E;&#x432;&#x44B;&#x445; &#x432;&#x43E;&#x439;&#x441;&#x43A;</subfield>
    <subfield code="n">&#x411;. &#x438;.</subfield>
    <subfield code="o">&#x41F;&#x440;&#x43E;&#x435;&#x43A;&#x442; &#x443;&#x447;&#x435;&#x431;&#x43D;&#x438;&#x43A;&#x430; : &#x412;&#x44B;&#x43F;. 1-</subfield>
    <subfield code="t">&#x414;&#x435;&#x442;&#x430;&#x43B;&#x438; &#x43C;&#x430;&#x448;&#x438;&#x43D;</subfield>
    <subfield code="v">&#x412;&#x44B;&#x43F;. 12</subfield>
  </datafield>
  <datafield tag="801" ind1=" " ind2="0">
    <subfield code="a">RU</subfield>
    <subfield code="b">NLR</subfield>
    <subfield code="g">psbo</subfield>
  </datafield>
  <datafield tag="801" ind1=" " ind2="1">
    <subfield code="a">RU</subfield>
    <subfield code="b">ELAR</subfield>
    <subfield code="2">rusmarc</subfield>
  </datafield>
  <datafield tag="852" ind1=" " ind2=" ">
    <subfield code="a">NLR</subfield>
    <subfield code="j">50&#x43A;/5616</subfield>
  </datafield>
  <datafield tag="942" ind1=" " ind2=" ">
    <subfield code="c">BOOK</subfield>
  </datafield>
  <datafield tag="980" ind1=" " ind2=" ">
    <subfield code="a">NB</subfield>
  </datafield>
  <datafield tag="995" ind1=" " ind2=" ">
    <subfield code="5">2013-10-26</subfield>
    <subfield code="b">NLR01</subfield>
    <subfield code="c">NLR01</subfield>
    <subfield code="e">NZ5</subfield>
    <subfield code="f">8847535-10</subfield>
    <subfield code="k">50&#x43A;/5616</subfield>
    <subfield code="o">0</subfield>
    <subfield code="r">BOOK</subfield>
    <subfield code="s">505616_</subfield>
  </datafield>
</record>
